000 00457nam a22001697a 4500
003 NUST - PNEC
005 20170116180852.0
008 150826b xxu||||| |||| 00| 0 eng d
020 _a074943550X
040 _cLIBRARY
082 _a658.40 STR
100 _95746
_aStranks, Jeremy
245 _aA manager's guide to health & safety at work
_cJeremy Stranks
250 _a6th ed
650 _95748
_a Industrial management
_xGeneral
942 _2ddc
_cBK
999 _c64652
_d64652